Impact of consumer involvement on consumer behaviour : (Record no. 128037)

MARC details
000 -LEADER
fixed length control field 00803nam a22002537a 4500
003 - CONTROL NUMBER IDENTIFIER
control field 0
005 - DATE AND TIME OF LATEST TRANSACTION
control field 20180731143319.0
008 - FIXED-LENGTH DATA ELEMENTS--GENERAL INFORMATION
fixed length control field 0
010 ## - LIBRARY OF CONGRESS CONTROL NUMBER
LC control number A-993319
020 ## - INTERNATIONAL STANDARD BOOK NUMBER
Terms of availability 360.00
International Standard Book Number 8177080016
035 ## - SYSTEM CONTROL NUMBER
System control number A-993319, A-993322, A-993326
037 ## - SOURCE OF ACQUISITION
Source of stock number/acquisition Cen Lib/Ret
040 ## - CATALOGING SOURCE
Original cataloging agency DPL
Language of cataloging EN
Transcribing agency 0
082 ## - DEWEY DECIMAL CLASSIFICATION NUMBER
Classification number 381.30954
Edition number SHA
100 ## - MAIN ENTRY--PERSONAL NAME
Personal name Sharma, Kavita
9 (RLIN) 22230
245 ## - TITLE STATEMENT
Title Impact of consumer involvement on consumer behaviour :
Statement of responsibility, etc by Kavita Sharma
Remainder of title a case study of India /
260 ## - PUBLICATION, DISTRIBUTION, ETC. (IMPRINT)
Place of publication, distribution, etc Delhi
Name of publisher, distributor, etc New Century Publications
Date of publication, distribution, etc 2000
270 ## - ADDRESS
Address 34, Gujranwala Town Part-2
City Delhi
Postal code 110033
300 ## - PHYSICAL DESCRIPTION
Extent viii,189p. :
Dimensions 21cm(Hb)
Other physical details ill.
500 ## - GENERAL NOTE
General note Includes bibliography
650 ## - SUBJECT ADDED ENTRY--TOPICAL TERM
Topical term or geographic name as entry element Marketing research
9 (RLIN) 22231
650 ## - SUBJECT ADDED ENTRY--TOPICAL TERM
Topical term or geographic name as entry element Consumer behavior
9 (RLIN) 22232
942 ## - ADDED ENTRY ELEMENTS (KOHA)
Source of classification or shelving scheme Dewey Decimal Classification
Koha item type English Books
Classification part 381.30954
Call number suffix SHA
Holdings
Withdrawn status Lost status Damaged status Not for loan Collection code Home library Current library Date acquired Source of acquisition Cost, normal purchase price Total Checkouts Full call number Barcode Date last seen Copy number Cost, replacement price Price effective from Koha item type Source of classification or shelving scheme
      Not For Loan Reference Central Library Central Library 01/07/2015 Cen Lib/Ret 360.00   381.30954 SHA A-993319 01/07/2015 1 360.00 01/07/2015 English Books  
        Non-fiction Patel Nagar Patel Nagar 12/07/2018 BPPD/PUB 360.00   381.30954 SHA A-993322 12/07/2018   360.00 12/07/2018 English Books Dewey Decimal Classification
        Non-fiction Sarojini Nagar Sarojini Nagar 11/02/2019       381.30954 SHA A-993324 11/02/2019     11/02/2019 English Books Dewey Decimal Classification
        Non-fiction Shahdara Branch Shahdara Branch 31/07/2018 BPPD/PUB 0.00   381.30954 SHA A-993326 31/07/2018   0.00 31/07/2018 English Books Dewey Decimal Classification

© Delhi Public Library
Hit Counter
free hit counter